Epochs in hindu legal history (Record no. 427433)

000 -LEADER
fixed length control field 00419cam a22001337a 4500
008 - FIXED-LENGTH DATA ELEMENTS--GENERAL INFORMATION
fixed length control field 180718b1958 xxu||||| |||| 00| 0 eng d
082 ## - DEWEY DECIMAL CLASSIFICATION NUMBER
Classification number G93x54 S73
100 ## - MAIN ENTRY--PERSONAL NAME
Personal name Sarkar, U.C.
245 ## - TITLE STATEMENT
Title Epochs in hindu legal history
Statement of responsibility, etc. by U.C. Sarkar
260 ## - PUBLICATION, DISTRIBUTION, ETC.
Place of publication, distribution, etc. Hoshiarpur
Name of publisher, distributor, etc. Vishveshvaranand Vedic Research Institute
Date of publication, distribution, etc. 1958
300 ## - PHYSICAL DESCRIPTION
Extent xvi, 440p
440 ## - SERIES STATEMENT/ADDED ENTRY--TITLE
Title Vishveshvaranand Indological Series-8
650 ## - SUBJECT ADDED ENTRY--TOPICAL TERM
Topical term or geographic name entry element Hindu legal-History
Holdings
Withdrawn status Lost status Damaged status Not for loan Permanent Location Current Location Date acquired Full call number Barcode Date last seen Price effective from Koha item type
        Indian Institute of Public Administration Indian Institute of Public Administration 2009-11-17 G93x54 S73 17241 2018-07-21 2018-07-21 Book

Powered by Koha